MARC

Tag First Indicator Second Indicator Subfields
LEADER 00000cas a2200000 4500
001 in00000098537
005 20190122114927.0
008 760607d1972198unyuuu 0 a0eng
010 |a  72622559  
016 7 |a 011778225  |2 Uk 
019 |a 507134  |a 7587062 
022 |a 0363-7247  |l 0363-7247  |2 1 
035 |a (OCoLC)ocm02215078 
035 |a (OCoLC)2215078  |z (OCoLC)507134  |z (OCoLC)7587062 
040 |a DLC  |b eng  |c COO  |d NSD  |d IUL  |d IXA  |d MUL  |d DLC  |d OCL  |d NST  |d DLC  |d NSD  |d NST  |d OCL  |d NST  |d IUL  |d NST  |d WAU  |d EYM  |d OCL  |d DLC  |d OCLCQ  |d UKMGB  |d OCLCF  |d OCLCO  |d OCL  |d OCLCO  |d OCLCA  |d UtOrBLW 
042 |a nsdp  |a pcc 
049 |a TXAM 
050 0 0 |a LB2376  |b .W48 
082 0 4 |a 370.19/6 
222 0 |a Whole world handbook 
245 0 0 |a Whole world handbook. 
264 1 |a New York :  |b Dutton [etc.] 
300 |a volumes  |c 22-24 cm. 
336 |a text  |b txt  |2 rdacontent 
337 |a unmediated  |b n  |2 rdamedia 
338 |a volume  |b nc  |2 rdacarrier 
362 0 |a [1st]- ed.; 1972- 
500 |a Volumes for 1972- "an Arthur Frommer publication." 
500 |a "Six continents on a student budget, travel-study-work." 
550 |a Vols. for 1972- issued by Council on International Educational Exchange. 
650 0 |a Travel  |v Guidebooks.  |0 http://id.loc.gov/authorities/subjects/sh85144446 
650 0 |a Foreign study  |v Handbooks, manuals, etc.  |0 http://id.loc.gov/authorities/subjects/sh2009125407 
650 0 |a Foreign study  |v Directories.  |0 http://id.loc.gov/authorities/subjects/sh2008104024 
650 0 |a Occupations  |z Foreign countries  |v Handbooks, manuals, etc. 
650 0 |a Occupations  |z Foreign countries  |v Directories. 
650 7 |a Foreign study.  |2 fast  |0 (OCoLC)fst00931877 
650 7 |a Occupations  |x Foreign countries.  |2 fast  |0 (OCoLC)fst01043397 
650 7 |a Travel.  |2 fast  |0 (OCoLC)fst01155558 
655 7 |a Directories.  |2 fast  |0 (OCoLC)fst01423796 
655 7 |a Guidebooks.  |2 fast  |0 (OCoLC)fst01423871 
655 7 |a Handbooks and manuals.  |2 fast  |0 (OCoLC)fst01423877 
710 2 |a Council on International Educational Exchange (U.S.) 
776 0 8 |i Online version:  |t Whole world handbook  |w (OCoLC)561282889 
785 0 0 |t Work, study, travel abroad (New York, N.Y.)  |x 0749-453X  |w (DLC) 84646778  |w (OCoLC)10514483 
850 |a CU-Riv  |a CaOWtU  |a DLC  |a GASU  |a GEU  |a ICU  |a IU  |a InU  |a LU  |a MiD  |a MiU  |a NN  |a NSyU  |a NcD  |a NcRS  |a NjP  |a NjR  |a OO  |a OU  |a PPT  |a PSt  |a TU  |a TxDaM  |a TxCM  |a TxU  |a UPB  |a ViBlbV  |a WaU 
936 |a Unknown  |a INC  |a 1981-82 
994 |a C0  |b TXA 
999 f f |s 4e9b6467-975e-37c2-aa1c-c1503b41e5d3  |i 31a15d23-4bd2-3270-89ac-0843d9398032  |t 0 
952 f f |p ric  |a Texas A&M University  |b Rellis Campus  |c Joint Library Facility  |d Remote Storage  |t 0  |e LB2376 .W48  |h Library of Congress classification  |i unmediated -- volume  |k 5th  |l 1978/1979  |m A14807375770 
952 f f |p ric  |a Texas A&M University  |b Rellis Campus  |c Joint Library Facility  |d Remote Storage  |t 0  |e LB2376 .W48  |h Library of Congress classification  |i unmediated -- volume  |k 6th  |l 1981/1982  |m A14812598155 
998 f f |a LB2376 .W48  |s 5th (1978/1979)-6th (1981/1982)  |t 0  |l Remote Storage